| 000 | 01105cam a2200361 a 4500 | ||
|---|---|---|---|
| 001 | 8563 | ||
| 003 | FISKH | ||
| 005 | 20260128093600.0 | ||
| 008 | 810220s1981 nyua j 000 1 eng | ||
| 010 | _a 81001401 | ||
| 020 |
_a0688802710 : _c$8.95 |
||
| 020 |
_a0688842712 (lib. bdg.) : _c$7.63 |
||
| 020 | _a9780688802714 | ||
| 020 | _a9780688842710 | ||
| 035 | _a2313880 | ||
| 040 |
_aDLC _cDLC _dDLC _beng |
||
| 050 | _aPZ7.K123475 J | ||
| 082 | _a 813 | ||
| 100 | 1 | _aKalan, Robert. | |
| 245 | 1 | 0 |
_aJump, frog, jump! / _cby Robert Kalan ; pictures by Byron Barton. |
| 260 |
_aNew York : _bGreenwillow Books, _c1981. |
||
| 300 |
_a32 pages : _bcolor illustrations ; _c21 x 26 cm. |
||
| 336 |
_atext _btxt _2rdacontent |
||
| 337 |
_aunmediated _bn _2rdamedia |
||
| 338 |
_avolume _bnc _2rdacarrier |
||
| 505 | _aNP | ||
| 520 | _aA cumulative tale in which a frog tries to catch a fly without getting caught itself. | ||
| 650 | 1 |
_aFrogs _xFiction. |
|
| 700 | 1 |
_aBarton, Byron, _eillustrator |
|
| 906 |
_a7 _bcbc _corignew _d1 _eocip _f19 _gy-gencatlg |
||
| 942 |
_2ddc _cBK _n0 |
||
| 999 |
_c8563 _d8563 |
||